Förster, Frank, 1937-2011. Die "Wendenfrage" in der deutschen Ostforschung 1933 - 1945. - Bautzen : Domowina-Verl.. - 2007 [Rezension]

Titel: Förster, Frank, 1937-2011. Die "Wendenfrage" in der deutschen Ostforschung 1933 - 1945. - Bautzen : Domowina-Verl.. - 2007 [Rezension]
Verfasser:
In: Neues Archiv für sächsische Geschichte, Band 79 (2008), Seite 364-366
alle Artikel anzeigen
Veröffentlicht: 2008
Format: Aufsatz
Sprache: Deutsch
Kein Bild verfügbar
X
alg: 39493514
001A    $01999:12-11-16 
001B    $01999:01-06-17 $t18:11:36.000 
001D    $01999:12-11-16 
001U    $0utf8 
001X    $00 
002@    $0Aox 
003@    $0394935144 
007A    $0394935144 $aHEB 
007T    $0Herdc0047440m 
010@    $ager 
011@    $a2008 
021A    $aFörster, Frank, 1937-2011. Die @"Wendenfrage" in der deutschen Ostforschung 1933 - 1945. - Bautzen : Domowina-Verl.. -  2007 [Rezension] 
028A    $#Blaschke, Karl-Heinz $#Blaschke, K. $7119536234 $8Blaschke, Karlheinz$Z1927-2020 [Tp1] $9087875837 
031A    $d79 $h364-366 $j2008 
039B    $aIn $8--Abvc--. Neues Archiv für sächsische Geschichte. - Neustadt a.d. Aisch : Schmidt, 1880-. - ISSN 0944-8195 $x200800000790000636 $9047449519 
039T    $8--Aau--Förster, Frank$Z1937-2011 [Tp1]. Die @"Wendenfrage" in der deutschen Ostforschung 1933 - 1945. - 1. Aufl.. - Bautzen : Domowina-Verl., 2007. - 252 S.. - Ill.. - ISBN 978-3-7420-2040-6 $9190084510 
045T    $a8,1 

lok: 39493514 78

exp: 39493514 78 1 #EPN
201B/01 $018-11-16 $t13:11:35.000 
201U/01 $0utf8 
203@/01 $0791233723 
208@/01 $a12-11-16 $be 
209A/01 $a/ $f000 $x00 
220C/01 $aTitelaufnehmer: cs 
220C/01 $aHerkunft: HI Marburg 
244Z/01 $2Trx $#Germania Slavica $#"Germania Slavica" $#Germania Slavica $#Germania Slavica $#Germania Slavica $#Germania Slavica $#Germania Slavica $8--Trx--Germania Slavica $x01 $9391371002 
244Z/01 $2Trx $#arvustused $#recenzijos $#Reviews $#recenziók $#recenzje $#recenzie $#recenze $8--Trx--Rezensionen $x02 $9391357441 
247C/01 $82080>Marburg/Lahn, Herder-Institut, Forschungsbibliothek, Bibliographieportal $9336309341
LEADER 00000caa a22000002c 4500
001 394935144
003 DE-603
005 20170601181136.0
007 tu
008 161112s2008 xx |||| | u00||u|ger c
035 |a (DE-599)HEB394935144 
040 |a DE-603  |b ger  |c DE-603  |d DE-603 
041 |a ger 
084 |a 8,1  |2 ssgn 
100 1 |a Blaschke, Karlheinz  |d 1927-2020  |0 (DE-603)087875837  |0 (DE-588)119536234  |2 gnd 
245 0 0 |a ˜Förster, Frank, 1937-2011. Dieœ "Wendenfrage" in der deutschen Ostforschung 1933 - 1945. - Bautzen : Domowina-Verl.. - 2007 [Rezension] 
264 0 |c 2008 
773 0 8 |i In  |t Neues Archiv für sächsische Geschichte  |d Neustadt a.d. Aisch : Schmidt, 1880-  |x 0944-8195  |g Band 79 (2008), Seite 364-366  |w (DE-603)047449519  |w (DE-600)280274-0 
787 0 8 |i Rezension von  |a Förster, Frank, 1937-2011  |t ˜Dieœ "Wendenfrage" in der deutschen Ostforschung 1933 - 1945  |b 1. Aufl.  |d Bautzen : Domowina-Verl., 2007  |h 252 S., Ill.  |z 9783742020406  |w (DE-603)190084510 
924 0 |9 2080  |a (DE-603)791233723  |b DE-2080  |c HES  |d d  |g /